Wo ist die Hauptstadt auf der Landkarte? - Statistiken

Allgemein
  • Dieses Quiz wurde 12.857 mal gespielt
  • Das Durchschnittsergebnis liegt bei 10 aus 15
Antwortstatistiken
Frage Antwort % Korrekt
Wo ist die Hauptstadt Deutschlands?
98%
Wo ist die Hauptstadt von Frankreich?
92%
Wo ist die Hauptstadt des Vereinigten Königreichs?
86%
Wo ist die Hauptstadt von Spanien?
82%
Wo ist die Hauptstadt der Türkei?
70%
Wo ist die Hauptstadt der Vereinigten Staaten?
70%
Wo liegt die Hauptstadt Schwedens?
69%
Wo ist die Hauptstadt Japans?
62%
Wo ist die Hauptstadt Brasiliens?
61%
Wo ist die Hauptstadt Indiens?
59%
Wo ist die Hauptstadt Ägyptens?
59%
Wo ist die Hauptstadt Australiens?
58%
Wo ist die Hauptstadt von China?
55%
Wo ist die Hauptstadt Kanadas?
49%
Wo liegt die Hauptstadt Marokkos?
31%
Keine übereinstimmenden Quizze gefunden
Verteilung der Resultate
Anzahl Personen mit jedem Resultat
Perzentil nach korrekt beantworteten Fragen
Ihre Resultats-Entwicklung
Sie haben dieses Quiz noch nicht gespielt